Statistics for Google AutoComplete by Starting Letter: Biggest church in... ?

Click here to take the quiz!

General Stats

  • This quiz has been taken 26 times
  • The average score is 12 of 26

Answer Stats

LETTERANSWER% Correct
Pparis
90%
Llondon
80%
Uusa
80%
Aamerica
75%
Ffrance
75%
Jjapan
75%
Rrome
75%
Zzimbabwe
75%
Iindia
70%
Ccalifornia
65%
Qqatar
65%
Bbarcelona
55%
Eengland
55%
Ttexas
50%
Xxian
50%
Wworld
45%
Mmexico
40%
Kkorea
35%
Nnigeria
15%
Oorlando
15%
Vvancouver
15%
Ddallas
10%
Ggoa
10%
Hhouston
10%
Ssingapore
10%
Yyishun
5%

Score Distribution

Percentile by Number Answered

Percent of People with Each Score

Your Score History

You have not taken this quiz